| 000 | 01048nam0a22002531 4500 | ||
|---|---|---|---|
| 001 | rc\1129198 | ||
| 005 | 20041126174604.7 | ||
| 035 | _a(NLR Aleph) 006371016 | ||
| 090 |
_a4996317 _c4996317 |
||
| 100 | _a20041126d1981 u |0rusy50 ca | ||
| 101 | 0 | _arus | |
| 102 | _aRU | ||
| 105 | _aa ||||||||| | ||
| 200 | 1 |
_a50 лет Северо-Кавказскому горно-металлургическому институту _f[Лит. запись В.Д. Лукьяненко _gОтв. ред. В.С. Стариков] |
|
| 210 |
_aОрджоникидзе _cИр _d1981 |
||
| 215 |
_a104 с., 4 л. ил. _cил. _d22 |
||
| 702 | 1 |
_aЛукьяненко _bВ. Д. _gВиталий Дмитриевич _4570 |
|
| 702 | 1 |
_aСтариков _bВ. С. _gВиктор Семенович _4340 |
|
| 712 | 0 | 2 |
_aСеверо-Кавказский горнометаллургический ин-т _cОрджоникидзе _3RU\NLR\AUTH\8810014064 |
| 801 | 0 |
_aRU _bNLR _gpsbo |
|
| 801 | 1 |
_aRU _bELAR _2rusmarc |
|
| 852 |
_aNLR _j82-5/868 |
||
| 942 | _cBOOK | ||
| 980 | _aNB | ||